<?xml version="1.0" encoding="UTF-8"?>
<record
    xmlns:xsi="http://www.w3.org/2001/XMLSchema-instance"
    xsi:schemaLocation="http://www.loc.gov/MARC21/slim http://www.loc.gov/standards/marcxml/schema/MARC21slim.xsd"
    xmlns="http://www.loc.gov/MARC21/slim">

  <leader>01118nam a2200253 i 4500</leader>
  <controlfield tag="001">77934</controlfield>
  <controlfield tag="003">ES-MaACL</controlfield>
  <controlfield tag="005">20250811100941.0</controlfield>
  <controlfield tag="007">t|</controlfield>
  <controlfield tag="008">041115s1971    sp           |||| | spa d</controlfield>
  <datafield tag="080" ind1=" " ind2=" ">
    <subfield code="a">061.236.7(460.27 M.).053"1970":616.89</subfield>
  </datafield>
  <datafield tag="080" ind1=" " ind2=" ">
    <subfield code="a">616.89:061.236.7(460.27 M.).053"1970"</subfield>
  </datafield>
  <datafield tag="080" ind1=" " ind2=" ">
    <subfield code="a">616.8-008.64(04)</subfield>
  </datafield>
  <datafield tag="110" ind1="2" ind2=" ">
    <subfield code="a">Sociedad Espa&#xF1;ola de Psiquiatr&#xED;a. </subfield>
    <subfield code="b">Reuni&#xF3;n conjunta</subfield>
    <subfield code="n">(1&#xAA;. </subfield>
    <subfield code="d">1970.</subfield>
    <subfield code="c">Madrid)</subfield>
    <subfield code="9">6752</subfield>
  </datafield>
  <datafield tag="245" ind1="1" ind2="0">
    <subfield code="a">Depresi&#xF3;n </subfield>
    <subfield code="b">: aspectos psicosom&#xE1;ticos, etiopatog&#xE9;nicos, cl&#xED;nicos y sociol&#xF3;gicos : su tratamiento / </subfield>
    <subfield code="c">Sociedad Espa&#xF1;ola de Psiquiatr&#xED;a, Sociedad Espa&#xF1;ola de Medicina Interna, Sociedad Espa&#xF1;ola de Medicina Psicosom&#xE1;tica, I Reuni&#xF3;n Conjunta.</subfield>
  </datafield>
  <datafield tag="260" ind1=" " ind2=" ">
    <subfield code="a">Madrid : </subfield>
    <subfield code="b">Productos Roche, </subfield>
    <subfield code="c">[1971]</subfield>
  </datafield>
  <datafield tag="300" ind1=" " ind2=" ">
    <subfield code="a">389 p. : </subfield>
    <subfield code="b">il. col. ; </subfield>
    <subfield code="c">24 cm.</subfield>
  </datafield>
  <datafield tag="650" ind1="1" ind2="4">
    <subfield code="a">Depresi&#xF3;n mental-</subfield>
    <subfield code="v">Congresos y asambleas.</subfield>
    <subfield code="9">11598</subfield>
  </datafield>
  <datafield tag="710" ind1="2" ind2=" ">
    <subfield code="a">Sociedad Espa&#xF1;ola de Medicina Psicosom&#xE1;tica y Psicoterarapia.</subfield>
    <subfield code="9">6738</subfield>
  </datafield>
  <datafield tag="710" ind1="2" ind2=" ">
    <subfield code="a">Sociedad Espa&#xF1;ola de Medicina Interna.</subfield>
    <subfield code="9">6737</subfield>
  </datafield>
  <datafield tag="710" ind1="2" ind2=" ">
    <subfield code="a">Productos Roche.</subfield>
    <subfield code="9">6261</subfield>
  </datafield>
  <datafield tag="852" ind1=" " ind2=" ">
    <subfield code="a">ES-MaACL</subfield>
    <subfield code="j">L-28448</subfield>
  </datafield>
  <datafield tag="999" ind1=" " ind2=" ">
    <subfield code="c">77934</subfield>
    <subfield code="d">77934</subfield>
  </datafield>
  <datafield tag="952" ind1=" " ind2=" ">
    <subfield code="0">0</subfield>
    <subfield code="1">0</subfield>
    <subfield code="4">0</subfield>
    <subfield code="7">0</subfield>
    <subfield code="a">ATENEOM</subfield>
    <subfield code="b">ATENEOM</subfield>
    <subfield code="c">DEPO2</subfield>
    <subfield code="d">2008-01-17</subfield>
    <subfield code="e">SC</subfield>
    <subfield code="l">0</subfield>
    <subfield code="o">L-28448</subfield>
    <subfield code="p">1081530</subfield>
    <subfield code="r">2023-02-23 00:00:00</subfield>
    <subfield code="w">2023-02-23</subfield>
    <subfield code="y">MONOGRAFIA</subfield>
  </datafield>
</record>
